| 000 | 00511nam a2200181Ia 4500 | ||
|---|---|---|---|
| 008 | 090123s9999 xx 000 0 und d | ||
| 082 |
_b3568 _a891.463/मेहता |
||
| 100 | _aमेहता वजुभाई | ||
| 245 | _aनंदिता | ||
| 250 | _a1 | ||
| 260 | _b"एम.जी.को," | ||
| 300 | _a200 | ||
| 600 | _aमेहता वजुभाई | ||
| 630 | _aनंदिता | ||
| 700 | _aमेहता वजुभाई | ||
| 730 | _aनंदिता | ||
| 942 | _cBOOK | ||
| 999 |
_c41648 _d41648 |
||